Online
Catalog

Frank : (Record no. 7224)

MARC details
000 -CABECERA
campo de control de longitud fija 00731cam a2200205 a 4500
001 - NÚMERO DE CONTROL
campo de control 000007443
005 - FECHA Y HORA DE LA ÚLTIMA TRANSACCIÓN
campo de control 20200929154155.0
008 - DATOS DE LONGITUD FIJA--INFORMACIÓN GENERAL
campo de control de longitud fija 930802s1991 cu a b 001 0bspa
040 ## - FUENTE DE LA CATALOGACIÓN
Centro catalogador/agencia de origen DO-SdBNP
Centro/agencia transcriptor DLC
082 ## - NÚMERO DE LA CLASIFICACIÓN DECIMAL DEWEY
Número de clasificación 920
Número de documento/Ítem F828G
049 ## - FONDOS LOCALES (OCLC)
Fondos de biblioteca BNGR
100 1# - ENTRADA PRINCIPAL--NOMBRE DE PERSONA
Nombre de persona Gálvez Rodríguez , William,
Fechas asociadas al nombre 1933-
9 (RLIN) 20690
245 10 - MENCIÓN DE TÍTULO
Título Frank :
Resto del título entre el sol y la montaña /
Mención de responsabilidad, etc. William Gálvez Rodríguez.
260 ## - PUBLICACIÓN, DISTRIBUCIÓN, ETC.
Lugar de publicación, distribución, etc. Ciudad de La Habana :
Nombre del editor, distribuidor, etc. Unión de Escritores y Artistas de Cuba,
Fecha de publicación, distribución, etc. c1991.
300 ## - DESCRIPCIÓN FÍSICA
Extensión 305 p. :
Otras características físicas il. ;
Dimensiones 23 cm.
600 10 - PUNTO DE ACCESO ADICIONAL DE MATERIA--NOMBRE DE PERSONA
Nombre de persona PAIS GARCIA, FRANK,
Fechas asociadas al nombre 1934-1957.
Subdivisión de forma BIOGRAFÍA
9 (RLIN) 20691
651 #4 - PUNTO DE ACCESO ADICIONAL DE MATERIA--NOMBRE GEOGRÁFICO
Nombre geográfico Cuba
Subdivisión general Historia
Subdivisión cronológica 1933-1959.
9 (RLIN) 11375
651 #4 - PUNTO DE ACCESO ADICIONAL DE MATERIA--NOMBRE GEOGRÁFICO
Nombre geográfico Cuba
Subdivisión general Historia
-- Lucha De La Revolución
9 (RLIN) 19420
910 ## - DATOS DE OPCIÓN DEL USUARIO (OCLC)
Datos de opción del usuario Catalogación por copia / LC
Holdings
Estado de retiro Estado de pérdida Restricciones de uso No para préstamo Código de colección Localización permanente Ubicación/localización actual Ubicación en estantería Fecha de adquisición Número de inventario Total de préstamos Signatura topográfica completa Código de barras Fecha visto por última vez Precio válido a partir de Tipo de ítem Koha
    Préstamo interno   Monografías: Libros y Folletos General General En catalogación 08.09.2009 LF1   920 F828G 7443-10 25.06.2020 25.06.2020 Préstamo interno

Powered by Koha